<?xml version="1.0" encoding="UTF-8"?><OAI-PMH xmlns="http://www.openarchives.org/OAI/2.0/" xmlns:xsi="http://www.w3.org/2001/XMLSchema-instance"     xsi:schemaLocation="http://www.openarchives.org/OAI/2.0/ http://www.openarchives.org/OAI/2.0/OAI-PMH.xsd"><responseDate>2026-07-04T19:29:34Z</responseDate><request verb="GetRecord" identifier="oai:regmurcia.com:fintegr.272" metadataPrefix="marc21">http://oai.regmurcia.com/oai2/oai2.php</request><GetRecord><record><header><identifier>oai:regmurcia.com:fintegr.272</identifier><datestamp>2026-07-04</datestamp><setSpec>documentos</setSpec></header><metadata><record  xmlns="http://www.loc.gov/MARC21/slim" xmlns:xsi="http://www.w3.org/2001/XMLSchema-instance" xsi:schemaLocation="http://www.loc.gov/MARC21/slim http://www.loc.gov/standards/marcxml/schema/MARC21slim.xsd" type="Bibliographic"><leader>00000nam a2200000   4500</leader><controlfield tag="001" >005197556</controlfield><controlfield tag="003" >272</controlfield><controlfield tag="004" >A00000000</controlfield><datafield tag="245" ind1=" " ind2=" "><subfield code="a">Provisión de Enrique IV al concejo de Murcia, suspendiendo a Diego de Portocarrero como corregidor de Murcia y mandando que se le pague su salario  hasta el día que entregue el alcázar.</subfield></datafield><datafield tag="300" ind1=" " ind2=" "><subfield code="c">21o x 296 mm.</subfield></datafield><datafield tag="351" ind1=" " ind2=" "><subfield code="a">Unidad Documental simple</subfield><subfield code="c">Archivo de Murcia. Array</subfield><subfield code="a">Unidad Documental simple</subfield><subfield code="c">Archivo de Murcia. Array</subfield></datafield><datafield tag="351" ind1=" " ind2=" "><subfield code="b">Nº 139</subfield></datafield><datafield tag="505" ind1=" " ind2=" "><subfield code="a">/codom/18/138.pdf</subfield></datafield><datafield tag="506" ind1=" " ind2=" "><subfield code="a">Acceso restringido</subfield></datafield><datafield tag="510" ind1=" " ind2=" "><subfield code="a">Pub. MOLINA GRANDE, Mª C. Documentos de Enrique IV. Murcia: . Academia Alfonso X El Sabio, 1988, p.321-322.</subfield></datafield><datafield tag="520" ind1=" " ind2=" "><subfield code="a">Enrique IV suspende a Diego de Portocarrero en el cargo de corregidor de Murcia. Manda que se le pague el salario correspondiente hasta el día que entregue el alcázar, se le deje salir de Murcia sin juicio de residencia, y si tienen alguna queja de él que la presenten en la corte. Nombra a Pedro de Castro asistente.</subfield></datafield><datafield tag="583" ind1=" " ind2=" "><subfield code="u">http://www.regmurcia.com/servlet/s.Sl?METHOD=VERDOCUMENTO&amp;sit=serv,Carmesi&amp;n=/01/869/indice.djvu</subfield></datafield><datafield tag="592" ind1=" " ind2=" "><subfield code="a">1460-10-06</subfield></datafield><datafield tag="592" ind1=" " ind2=" "><subfield code="d">1460-10-06 00:00:00</subfield></datafield><datafield tag="651" ind1=" " ind2=" "><subfield code="a">Segovia</subfield></datafield><datafield tag="786" ind1=" " ind2=" "><subfield code="o">http://www.regmurcia.com/servlet/s.Sl?METHOD=VERDOCUMENTO&amp;sit=serv,Carmesi&amp;n=/01/869/indice.djvu</subfield></datafield><datafield tag="856" ind1=" " ind2=" "><subfield code="u">http://www.regmurcia.com/servlet/s.Sl?METHOD=DETALLE&amp;sit=c,373,m,139,serv,Carmesi&amp;id=272</subfield></datafield></record></metadata></record></GetRecord></OAI-PMH>
